[Event "BPB Limburg open"]
[Site "Maastricht"]
[Date "2015.05.24"]
[Round "5"]
[White "Gutkind, Kedem"]
[Black "Mengerink, Ynze"]
[Result "1-0"]
[WhiteElo "2005"]
[BlackElo "2146"]
[PlyCount "93"]
[EventDate "2015.05.22"]
[EventType "swiss"]
[EventRounds "7"]
[EventCountry "NED"]
[Source "P.Boonen"]
[SourceDate "2015.10.01"]

1. e4 c6 2. d4 d5 3. Nc3 dxe4 4. Nxe4 Bf5 5. Ng3 Bg6 6. h4 h6 7. Nf3 e6 8. h5
Bh7 9. Bd3 Bxd3 10. Qxd3 Nf6 11. Bd2 c5 12. O-O-O Nc6 13. Bc3 Qd5 14. Qb5 c4
15. Qxb7 Nb4 16. Qxd5 Nxa2+ 17. Kd2 Nxd5 18. Ra1 Naxc3 19. bxc3 Bd6 20. Ne2 Ke7
21. Rhb1 Nb6 22. Ra6 Rhd8 23. Rba1 Nc8 24. Ke3 Rd7 25. Nd2 Rb8 26. Nxc4 Rbb7
27. f4 Bb8 28. Na5 Rb2 29. Nc6+ Ke8 30. Nxb8 Rxb8 31. Kd3 Rb6 32. c4 Rdd6 33.
Rxb6 axb6 34. Nc3 Rd7 35. Ra8 Rd8 36. Nb5 Ke7 37. g4 g6 38. hxg6 fxg6 39. Na7
Nxa7 40. Rxa7+ Kd6 41. Rh7 Rf8 42. Ke4 g5 43. f5 exf5+ 44. gxf5 Rf6 45. Rg7 Kc6
46. Rg6 Rd6 47. Ke5 1-0

[Event "BPB Limburg open"]
[Site "Maastricht"]
[Date "2015.05.24"]
[Round "5"]
[White "Haast, Anne"]
[Black "Gerlagh, Joris"]
[Result "1-0"]
[WhiteElo "2352"]
[BlackElo "2163"]
[PlyCount "73"]
[EventDate "2015.05.22"]
[EventType "swiss"]
[EventRounds "7"]
[EventCountry "NED"]
[Source "P.Boonen"]
[SourceDate "2015.10.01"]

1. e4 c5 2. Nf3 e6 3. d4 cxd4 4. Nxd4 Nc6 5. Nc3 Qc7 6. Be3 a6 7. Qd2 Nf6 8.
O-O-O Bb4 9. f3 Ne5 10. Nb3 b5 11. Qe1 Be7 12. f4 Ng6 13. e5 Ng4 14. Ne4 O-O
15. Bc5 Bxc5 16. Nexc5 Nxf4 17. Qg3 Qxe5 18. Qxg4 d6 19. Nd3 Qe3+ 20. Kb1 Nd5
21. Re1 Qh6 22. Qd4 Bb7 23. Na5 Rab8 24. Nxb7 Rxb7 25. Be2 Rd7 26. Bf3 Nf6 27.
g4 Qh4 28. Qg1 h6 29. Nf4 Rc8 30. Ng2 Qg5 31. h4 Qc5 32. Ne3 d5 33. g5 hxg5 34.
hxg5 Ne8 35. Qh2 Kf8 36. Nf5 exf5 37. Qh8# 1-0

[Event "BPB Limburg open"]
[Site "Maastricht"]
[Date "2015.05.24"]
[Round "5"]
[White "Halfhide, Sebastian"]
[Black "Huesmann, Thomas"]
[Result "1-0"]
[WhiteElo "2136"]
[BlackElo "2224"]
[PlyCount "47"]
[EventDate "2015.05.22"]
[EventType "swiss"]
[EventRounds "7"]
[EventCountry "NED"]
[Source "P.Boonen"]
[SourceDate "2015.10.01"]

1. e4 e5 2. Nf3 Nc6 3. Bb5 a6 4. Ba4 Nf6 5. O-O Nxe4 6. d4 b5 7. Bb3 d5 8. dxe5
Be6 9. Qe2 Na5 10. Nbd2 Nxd2 11. Bxd2 Nxb3 12. axb3 Be7 13. Rxa6 Rb8 14. Nd4
Qc8 15. Rfa1 Bg4 16. Qe1 Qd7 17. Nc6 Rc8 18. Bb4 Bh4 19. Qf1 h5 20. Qxb5 Rh6
21. Qc5 Rh8 22. Ra8 Be6 23. g3 Bg5 24. f4 1-0

[Event "BPB Limburg open"]
[Site "Maastricht"]
[Date "2015.05.24"]
[Round "5"]
[White "Harff, Marcel"]
[Black "Martinez Reyes, Pedro Ramon"]
[Result "0-1"]
[WhiteElo "2344"]
[BlackElo "2322"]
[PlyCount "58"]
[EventDate "2015.05.22"]
[EventType "swiss"]
[EventRounds "7"]
[EventCountry "NED"]
[Source "P.Boonen"]
[SourceDate "2015.10.01"]

1. c4 e6 2. g3 Nf6 3. Bg2 d5 4. Nf3 Be7 5. O-O O-O 6. d4 dxc4 7. Qc2 a6 8. Rd1
b5 9. Ne5 c6 10. Nxc6 Nxc6 11. Bxc6 Rb8 12. a4 Nd5 13. axb5 axb5 14. Qe4 Nb4
15. Nc3 Rb6 16. Ba8 Ba6 17. Rxa6 Nxa6 18. Bc6 b4 19. Na4 Nc5 20. Nxc5 Bxc5 21.
Ba4 Be7 22. Bc2 f5 23. Qg2 Qa8 24. e4 b3 25. Bb1 Qa1 26. Be3 Qxb2 27. d5 c3 28.
Bd3 c2 29. Re1 Bc5 0-1

[Event "BPB Limburg open"]
[Site "Maastricht"]
[Date "2015.05.24"]
[Round "5"]
[White "Heemskerk, Wim"]
[Black "Muhren, Bianca"]
[Result "0-1"]
[WhiteElo "2199"]
[BlackElo "2345"]
[PlyCount "136"]
[EventDate "2015.05.22"]
[EventType "swiss"]
[EventRounds "7"]
[EventCountry "NED"]
[Source "P.Boonen"]
[SourceDate "2015.10.01"]

1. Nf3 d5 2. g3 Bg4 3. Bg2 c6 4. c4 Nd7 5. cxd5 cxd5 6. O-O Ngf6 7. d3 e6 8.
Nc3 Be7 9. h3 Bxf3 10. Bxf3 O-O 11. e4 Ne5 12. Bg2 dxe4 13. dxe4 Bc5 14. Bf4
Nfd7 15. Qe2 Qe7 16. Rfd1 a6 17. Rac1 Rac8 18. Kh2 Rfd8 19. Rc2 f6 20. Bc1 Nc6
21. Be3 Bxe3 22. Qxe3 Nde5 23. Bf1 Rxd1 24. Nxd1 Rd8 25. Be2 Nd4 26. Rc1 Qd6
27. Nc3 b5 28. Rd1 b4 29. Nd5 Nec6 30. Nf4 a5 31. Kg2 Qc5 32. Bg4 f5 33. exf5
exf5 34. Bf3 Qe5 35. Rxd4 Rxd4 36. Bxc6 Qxe3 37. fxe3 Rd2+ 38. Kf3 Rxb2 39.
Bd5+ Kf8 40. Ne6+ Kf7 41. g4 g6 42. Kf4 Kf6 43. gxf5 gxf5 44. Nc5 Rf2+ 45. Kg3
Rc2 46. Nd7+ Ke7 47. Nb6 Rc5 48. Bg8 h6 49. Kf4 Rb5 50. Na4 Kf6 51. Bb3 h5 52.
Bg8 Re5 53. Nb6 Re4+ 54. Kf3 Kg5 55. Bb3 Rh4 56. Kg3 f4+ 57. exf4+ Rxf4 58. Nd5
Rd4 59. Ne7 Rd3+ 60. Kg2 Rd7 61. Nc6 a4 62. Bxa4 Rd2+ 63. Kg3 h4+ 64. Kf3 Rxa2
65. Bb3 Rh2 66. Be6 b3 67. Bxb3 Rxh3+ 68. Kg2 Rxb3 0-1

[Event "BPB Limburg open"]
[Site "Maastricht"]
[Date "2015.05.24"]
[Round "5"]
[White "Henrichs, Thomas"]
[Black "Van Dooren, Dirk"]
[Result "0-1"]
[WhiteElo "2471"]
[BlackElo "2284"]
[PlyCount "80"]
[EventDate "2015.05.22"]
[EventType "swiss"]
[EventRounds "7"]
[EventCountry "NED"]
[Source "P.Boonen"]
[SourceDate "2015.10.01"]

1. d4 f5 2. Nf3 Nf6 3. c4 e6 4. Nc3 Be7 5. Bf4 d6 6. h3 Ne4 7. e3 Nxc3 8. bxc3
Nc6 9. Be2 Bf6 10. Bh2 O-O 11. O-O e5 12. Rb1 Qe7 13. c5 dxc5 14. dxe5 Bxe5 15.
Nxe5 Nxe5 16. Qd5+ Nf7 17. Rb5 c6 18. Qxc5 Qxc5 19. Rxc5 Rd8 20. Rb1 Rd2 21.
Bc4 Kf8 22. f3 Nd6 23. Bf1 Ke7 24. a4 Bd7 25. Ra5 b5 26. axb5 cxb5 27. Rba1 Nc4
28. Ra6 Be6 29. Rb1 Bc8 30. Rc6 Bd7 31. Ra6 Bc8 32. Raa1 Bd7 33. Bxc4 bxc4 34.
Ra5 g5 35. Rb7 g4 36. hxg4 fxg4 37. Re5+ Kf6 38. Bf4 gxf3 39. gxf3 Rg8+ 40. Kh1
Bc6 0-1

[Event "BPB Limburg open"]
[Site "Maastricht"]
[Date "2015.05.24"]
[Round "5"]
[White "Ismail, Tamer"]
[Black "Ypma, Peter"]
[Result "0-1"]
[WhiteElo "2093"]
[BlackElo "2260"]
[PlyCount "88"]
[EventDate "2015.05.22"]
[EventType "swiss"]
[EventRounds "7"]
[EventCountry "NED"]
[Source "P.Boonen"]
[SourceDate "2015.10.01"]

1. e4 c5 2. Nf3 g6 3. d4 cxd4 4. Nxd4 Nc6 5. c4 Nf6 6. Nc3 Nxd4 7. Qxd4 Bg7 8.
Be3 O-O 9. Qd2 d6 10. Be2 Be6 11. O-O Qa5 12. Rac1 Rfc8 13. b3 a6 14. f3 b5 15.
Nd5 Qxd2 16. Bxd2 Nxd5 17. cxd5 Bd4+ 18. Kh1 Bd7 19. Rxc8+ Rxc8 20. Rc1 Rxc1+
21. Bxc1 f5 22. Bd3 Kf7 23. g3 fxe4 24. fxe4 Bh3 25. Bd2 Bb6 26. Bc3 h5 27. e5
e6 28. Be4 dxe5 29. Bxe5 exd5 30. Bxd5+ Be6 31. Bc6 Bh3 32. Bg2 Bxg2+ 33. Kxg2
Ke6 34. Bc3 Kf5 35. Kf3 g5 36. h3 g4+ 37. hxg4+ hxg4+ 38. Ke2 Ke4 39. Be1 Bc7
40. a3 Kd4 41. Kd2 Ba5+ 42. b4 Bc7 43. Ke2 Ke4 44. Bf2 Be5 0-1

[Event "BPB Limburg open"]
[Site "Maastricht"]
[Date "2015.05.24"]
[Round "5"]
[White "Jacobs, Florian"]
[Black "Beukema, Stefan"]
[Result "0-1"]
[WhiteElo "2177"]
[BlackElo "2347"]
[PlyCount "70"]
[EventDate "2015.05.22"]
[EventType "swiss"]
[EventRounds "7"]
[EventCountry "NED"]
[Source "P.Boonen"]
[SourceDate "2015.10.01"]

1. d4 f5 2. g3 Nf6 3. Bg2 g6 4. Nf3 Bg7 5. O-O O-O 6. b3 d6 7. Bb2 Qe8 8. c4 h6
9. Nc3 c6 10. Qc2 e5 11. dxe5 dxe5 12. e4 f4 13. Ba3 Rf7 14. Rad1 Bg4 15. h3
Bxf3 16. Bxf3 Nbd7 17. Kg2 Bf8 18. Qb2 Bc5 19. Ne2 Bxa3 20. Qxa3 g5 21. Rh1 h5
22. g4 hxg4 23. hxg4 Nf8 24. Rh6 Kg7 25. Rdh1 Ng6 26. Ng1 Qd7 27. Kf1 Qd3+ 28.
Be2 Qb1+ 29. Kg2 Qxe4+ 30. f3 Qd4 31. b4 Rd8 32. Qc1 Qe3 33. Qxe3 fxe3 34. Nh3
Kxh6 35. Nf4+ Nh4+ 0-1

[Event "BPB Limburg open"]
[Site "Maastricht"]
[Date "2015.05.24"]
[Round "5"]
[White "Johannessen, Leif Erlend"]
[Black "Miedema, David"]
[Result "1-0"]
[WhiteElo "2515"]
[BlackElo "2348"]
[PlyCount "105"]
[EventDate "2015.05.22"]
[EventType "swiss"]
[EventRounds "7"]
[EventCountry "NED"]
[Source "P.Boonen"]
[SourceDate "2015.10.01"]

1. d4 Nf6 2. c4 g6 3. Nf3 Bg7 4. g3 O-O 5. Bg2 d6 6. O-O Nbd7 7. Qc2 c5 8. Rd1
a6 9. Nc3 Rb8 10. e4 b5 11. e5 Ne8 12. dxc5 Nxc5 13. b4 Bf5 14. Qe2 Nd7 15.
cxb5 axb5 16. Bf4 Bg4 17. exd6 Nxd6 18. Rac1 Re8 19. h3 Bxf3 20. Bxf3 e5 21.
Be3 Nf5 22. Ba7 Nd4 23. Qd3 Rc8 24. Nxb5 Rxc1 25. Rxc1 e4 26. Bxe4 Nxb5 27.
Qxb5 Rxe4 28. Rd1 Bc3 29. Rxd7 Qa8 30. Rb7 Rxb4 31. Rb8+ Qxb8 32. Qxb8+ Rxb8
33. Bxb8 Bb4 34. Kf1 Kf8 35. Ke2 Ke7 36. Kd3 Bc5 37. f3 Kd7 38. a4 Kc6 39. Kc4
Bb6 40. Be5 h5 41. g4 hxg4 42. fxg4 f5 43. Bc3 fxg4 44. hxg4 Bd8 45. Kd4 Bc7
46. Ke4 Kc5 47. a5 Kc6 48. a6 Bg3 49. Be5 Bh4 50. Bd4 Bg3 51. Be3 Bc7 52. a7
Kb7 53. Kd5 1-0

[Event "BPB Limburg open"]
[Site "Maastricht"]
[Date "2015.05.24"]
[Round "5"]
[White "Kalisvaart, Peter"]
[Black "Mollema, Thomas"]
[Result "1-0"]
[WhiteElo "2101"]
[BlackElo "2262"]
[PlyCount "83"]
[EventDate "2015.05.22"]
[EventType "swiss"]
[EventRounds "7"]
[EventCountry "NED"]
[Source "P.Boonen"]
[SourceDate "2015.10.01"]

1. d4 f5 2. Bg5 h6 3. Bh4 g5 4. e3 Bg7 5. Bg3 d6 6. h4 g4 7. Nc3 Nf6 8. Qd2 c6
9. Nge2 Nh5 10. f3 b5 11. a3 O-O 12. Bf2 Nd7 13. Nf4 Nxf4 14. exf4 e5 15. fxe5
dxe5 16. d5 Bb7 17. dxc6 Bxc6 18. Bxb5 Bxb5 19. Nxb5 Rb8 20. O-O-O Rxb5 21.
Qxd7 Qxd7 22. Rxd7 e4 23. c3 a5 24. Rhd1 Bf6 25. R7d5 Rb3 26. Rxa5 Rfb8 27. Bg3
Bxc3 28. Bxb8 Bxa5 29. Bf4 exf3 30. Kc2 fxg2 31. Kxb3 Bb6 32. Bh2 f4 33. Bxf4
g1=Q 34. Rxg1 Bxg1 35. Bg3 Kf7 36. Kc4 Ke6 37. b4 h5 38. a4 Bb6 39. a5 Bd8 40.
Kc5 Kd7 41. a6 Kc8 42. Kc6 1-0

[Event "BPB Limburg open"]
[Site "Maastricht"]
[Date "2015.05.24"]
[Round "5"]
[White "Kampman, Tijmen"]
[Black "Serbu, Eli"]
[Result "1/2-1/2"]
[WhiteElo "2076"]
[BlackElo "2102"]
[PlyCount "94"]
[EventDate "2015.05.22"]
[EventType "swiss"]
[EventRounds "7"]
[EventCountry "NED"]
[Source "P.Boonen"]
[SourceDate "2015.10.01"]

1. c4 Nf6 2. g3 d5 3. Bg2 g6 4. Nf3 Bg7 5. O-O O-O 6. Na3 c6 7. d3 Nbd7 8. Qc2
Nb6 9. Rd1 Bg4 10. h3 Bd7 11. c5 Nc8 12. e4 b6 13. Be3 Rb8 14. cxb6 axb6 15.
Ne5 Na7 16. Rac1 Be8 17. Nf3 Ra8 18. b4 Nc8 19. Qb3 c5 20. b5 d4 21. Bd2 Qd7
22. Ne5 Qa7 23. Nec4 e5 24. f4 Nd7 25. Ra1 Kh8 26. Rf1 Qa4 27. Qb1 f6 28. fxe5
fxe5 29. Rxf8+ Nxf8 30. Qf1 Ra7 31. Rb1 Rf7 32. Qe2 Bd7 33. Kh2 Be6 34. Bg5 Qa7
35. Rf1 Kg8 36. Rxf7 Qxf7 37. Qf3 Qxf3 38. Bxf3 Nd7 39. Bg4 Bxg4 40. hxg4 Kf7
41. Bd8 Bf6 42. Bc7 Ke6 43. Nc2 Be7 44. a4 Bd6 45. Bd8 Be7 46. Bc7 Bd6 47. Bd8
Be7 1/2-1/2

[Event "BPB Limburg open"]
[Site "Maastricht"]
[Date "2015.05.24"]
[Round "5"]
[White "Keetman, Maaike"]
[Black "Ratsma, Midas"]
[Result "1-0"]
[WhiteElo "2194"]
[BlackElo "2182"]
[PlyCount "85"]
[EventDate "2015.05.22"]
[EventType "swiss"]
[EventRounds "7"]
[EventCountry "NED"]
[Source "P.Boonen"]
[SourceDate "2015.10.01"]

1. e4 e6 2. b3 d5 3. Bb2 Nf6 4. e5 Nfd7 5. Qg4 g6 6. f4 Bg7 7. Nc3 a6 8. Nf3 c5
9. Be2 Nc6 10. O-O O-O 11. Qh3 Qe7 12. Nd1 f6 13. Ne3 d4 14. Ng4 Nb4 15. Bc4
Nb6 16. c3 Nxc4 17. bxc4 Nd3 18. Ng5 fxg5 19. Qxd3 gxf4 20. cxd4 b5 21. Rac1
Qg5 22. Qf3 Rb8 23. dxc5 bxc4 24. Bc3 Bb7 25. c6 Bxc6 26. Qxc6 Qxg4 27. Qxc4
Rb5 28. Rce1 h5 29. Qe2 Qg5 30. d4 Rd5 31. Qxa6 Qe7 32. Rb1 Qc7 33. Qxe6+ Qf7
34. Rb6 Kh7 35. Qxf7 Rxf7 36. h4 Rc7 37. Bb2 Rc2 38. Rxf4 Bh6 39. Rb7+ Kg8 40.
Rb8+ Kg7 41. Rb7+ Kg8 42. Rf3 Bg7 43. Rc3 1-0

[Event "BPB Limburg open"]
[Site "Maastricht"]
[Date "2015.05.24"]
[Round "5"]
[White "Kokje, Joris"]
[Black "Van de Perre, Tom"]
[Result "1-0"]
[WhiteElo "1960"]
[BlackElo "2073"]
[PlyCount "77"]
[EventDate "2015.05.22"]
[EventType "swiss"]
[EventRounds "7"]
[EventCountry "NED"]
[Source "P.Boonen"]
[SourceDate "2015.10.01"]

1. d4 d5 2. c4 c6 3. Nf3 Nf6 4. g3 Bg4 5. Bg2 e6 6. O-O Nbd7 7. cxd5 exd5 8.
Nc3 Bd6 9. Bf4 Bxf4 10. gxf4 O-O 11. Ne5 Nxe5 12. fxe5 Nd7 13. Qd3 f6 14. Qg3
Bf5 15. Rad1 fxe5 16. dxe5 Qc7 17. f4 Qb6+ 18. Rf2 Nc5 19. Kh1 Rad8 20. Rg1 Rd7
21. h3 d4 22. Nd1 Rdf7 23. e3 dxe3 24. Nxe3 Qc7 25. Nxf5 Rxf5 26. Rgf1 Qf7 27.
h4 Qc4 28. b3 Qd4 29. Kh2 Kh8 30. Re2 Rxf4 31. Rxf4 Rxf4 32. e6 Rf8 33. e7 Re8
34. Rf2 Kg8 35. Bf1 Ne4 36. Bc4+ Qxc4 37. Rf8+ Rxf8 38. exf8=Q+ Kxf8 39. Qb8+
1-0

[Event "BPB Limburg open"]
[Site "Maastricht"]
[Date "2015.05.24"]
[Round "5"]
[White "L'Ami, Alina"]
[Black "Van der Auweraert, Elwin"]
[Result "1/2-1/2"]
[WhiteElo "2381"]
[BlackElo "2260"]
[PlyCount "81"]
[EventDate "2015.05.22"]
[EventType "swiss"]
[EventRounds "7"]
[EventCountry "NED"]
[Source "P.Boonen"]
[SourceDate "2015.10.01"]

1. d4 Nf6 2. c4 e6 3. Nc3 Bb4 4. e3 O-O 5. Bd3 d5 6. Nf3 c5 7. O-O dxc4 8. Bxc4
Nbd7 9. a3 cxd4 10. axb4 dxc3 11. bxc3 Qc7 12. Be2 Nb6 13. Bb2 Nc4 14. Bxc4
Qxc4 15. Ne5 Qc7 16. c4 b6 17. Qf3 Bb7 18. Qf4 Ne4 19. f3 f6 20. fxe4 fxe5 21.
Qg3 Bxe4 22. Bxe5 Qb7 23. c5 bxc5 24. bxc5 Rxf1+ 25. Rxf1 Rf8 26. Rc1 Qf7 27.
h3 Rc8 28. Bd6 Qg6 29. Qxg6 hxg6 30. Ra1 Ra8 31. Ra6 Bb7 32. Ra5 a6 33. g3 Bc6
34. Kf2 Kf7 35. h4 g5 36. hxg5 Kg6 37. Ke2 Kxg5 38. Kd3 Kf6 39. Kd4 Ra7 40. Ra2
a5 41. Rf2+ 1/2-1/2

[Event "BPB Limburg open"]
[Site "Maastricht"]
[Date "2015.05.24"]
[Round "5"]
[White "L'Ami, Erwin"]
[Black "Bok, Benjamin"]
[Result "1/2-1/2"]
[WhiteElo "2635"]
[BlackElo "2554"]
[PlyCount "37"]
[EventDate "2015.05.22"]
[EventType "swiss"]
[EventRounds "7"]
[EventCountry "NED"]
[Source "P.Boonen"]
[SourceDate "2015.10.01"]

1. d4 Nf6 2. c4 g6 3. Nc3 d5 4. Bg5 Bg7 5. Bxf6 Bxf6 6. cxd5 c5 7. dxc6 Bxd4 8.
cxb7 Bxb7 9. Rc1 Qb6 10. e3 Bxc3+ 11. Rxc3 Qxb2 12. Qd2 Qb1+ 13. Rc1 Qb6 14.
Nf3 O-O 15. Bc4 Rd8 16. Qc3 Bxf3 17. gxf3 Nd7 18. O-O Rac8 19. Rfd1 1/2-1/2

[Event "BPB Limburg open"]
[Site "Maastricht"]
[Date "2015.05.24"]
[Round "5"]
[White "Leenhouts, Koen"]
[Black "Janssen, Ruud"]
[Result "0-1"]
[WhiteElo "2401"]
[BlackElo "2464"]
[PlyCount "87"]
[EventDate "2015.05.22"]
[EventType "swiss"]
[EventRounds "7"]
[EventCountry "NED"]
[Source "P.Boonen"]
[SourceDate "2015.10.01"]

1. d4 Nf6 2. c4 e6 3. Nc3 Bb4 4. e3 b6 5. Nge2 Ba6 6. Ng3 c5 7. d5 O-O 8. e4
Re8 9. d6 Bb7 10. Bd3 Nc6 11. O-O Bxc3 12. bxc3 Ne5 13. Bc2 Nxc4 14. Re1 Ne5
15. f4 Ng6 16. c4 e5 17. f5 Nf8 18. Nh1 h6 19. Nf2 a6 20. h4 b5 21. Bb3 b4 22.
Re3 a5 23. g4 N6h7 24. Rh3 Ra6 25. Be3 Qb6 26. g5 Qxd6 27. Qg4 Kh8 28. Rd1 Qe7
29. Rg3 g6 30. gxh6 Nf6 31. Qf3 a4 32. Bc2 Rd6 33. Bxc5 Rxd1+ 34. Bxd1 d6 35.
Bxb4 Nh5 36. Rg5 Nf4 37. Nd3 Nh7 38. Nxf4 Nxg5 39. Qg4 exf4 40. Bc3+ Kh7 41.
fxg6+ fxg6 42. hxg5 Qxe4 43. Bf3 Qe3+ 44. Kh2 0-1

[Event "BPB Limburg open"]
[Site "Maastricht"]
[Date "2015.05.24"]
[Round "5"]
[White "Lenaerts, Lennert"]
[Black "Goossens, Hanne"]
[Result "1-0"]
[WhiteElo "2203"]
[BlackElo "2215"]
[PlyCount "73"]
[EventDate "2015.05.22"]
[EventType "swiss"]
[EventRounds "7"]
[EventCountry "NED"]
[Source "P.Boonen"]
[SourceDate "2015.10.01"]

1. d4 Nf6 2. c4 e6 3. Nc3 Bb4 4. Qc2 O-O 5. a3 Bxc3+ 6. Qxc3 b5 7. cxb5 c6 8.
a4 cxb5 9. axb5 Bb7 10. Nf3 d6 11. Bg5 Nbd7 12. e3 Qb6 13. Bd3 Rfc8 14. Qb4 a5
15. Qa4 Nd5 16. O-O Nb4 17. Bb1 Qc7 18. Nd2 Nb6 19. Qd1 h6 20. Bf4 e5 21. Bg3
Qe7 22. Bf5 Rc7 23. Qg4 Bc8 24. Bxc8 Rcxc8 25. Nf3 Nd7 26. Nh4 Nb6 27. Nf5 Qf6
28. Bh4 g5 29. f4 exf4 30. exf4 h5 31. fxg5 hxg4 32. gxf6 Rc2 33. Rf4 Rxb2 34.
Rxg4+ Kf8 35. Re1 Re8 36. Ne7 Rxe7 37. fxe7+ 1-0

[Event "BPB Limburg open"]
[Site "Maastricht"]
[Date "2015.05.24"]
[Round "5"]
[White "Lentjes, Noud"]
[Black "Van den Berg, Bram"]
[Result "1-0"]
[WhiteElo "2091"]
[BlackElo "2199"]
[PlyCount "69"]
[EventDate "2015.05.22"]
[EventType "swiss"]
[EventRounds "7"]
[EventCountry "NED"]
[Source "P.Boonen"]
[SourceDate "2015.10.01"]

1. e4 g6 2. d4 Bg7 3. Be3 c5 4. c3 cxd4 5. cxd4 Qb6 6. Qd2 Nc6 7. Nf3 d5 8.
exd5 Nb4 9. Nc3 Bf5 10. Bb5+ Kf8 11. O-O Nf6 12. Bc4 Rd8 13. Na4 Qa5 14. a3 Nc6
15. dxc6 Qxa4 16. Qe2 Nd5 17. cxb7 Qd7 18. Bxd5 Qxd5 19. Qa6 Be4 20. Qxa7 Qxb7
21. Qxb7 Bxb7 22. Ne5 f6 23. Nd3 Kf7 24. b4 e5 25. Nc5 Bd5 26. Rfd1 Rhe8 27.
dxe5 fxe5 28. Bg5 Bf6 29. Bxf6 Kxf6 30. Rd2 Bc6 31. Rad1 Rxd2 32. Rxd2 Ba8 33.
a4 Rc8 34. f3 h5 35. Kf2 1-0

[Event "BPB Limburg open"]
[Site "Maastricht"]
[Date "2015.05.24"]
[Round "5"]
[White "Lombaers, Peter"]
[Black "Broekmeulen, Joris"]
[Result "1-0"]
[WhiteElo "2371"]
[BlackElo "2124"]
[PlyCount "89"]
[EventDate "2015.05.22"]
[EventType "swiss"]
[EventRounds "7"]
[EventCountry "NED"]
[Source "P.Boonen"]
[SourceDate "2015.10.01"]

1. e4 d5 2. exd5 Qxd5 3. Nf3 Bg4 4. Be2 Nc6 5. Nc3 Qd7 6. h3 Bxf3 7. Bxf3 O-O-O
8. d3 Nd4 9. Be3 Nf6 10. O-O e5 11. a4 Bc5 12. a5 Nxf3+ 13. Qxf3 Bxe3 14. fxe3
c6 15. a6 b6 16. Qg3 Ne8 17. Qxe5 f6 18. Qf4 Nc7 19. b4 Rhe8 20. Qf3 Nd5 21.
Nxd5 Qxd5 22. Qxd5 Rxd5 23. Rf3 Kc7 24. Kf2 b5 25. e4 Rde5 26. g4 Kb6 27. Rf5
R5e6 28. Ke3 R8e7 29. h4 Re5 30. c3 R7e6 31. Rxe5 fxe5 32. d4 exd4+ 33. cxd4 h6
34. e5 Re8 35. Ke4 Rf8 36. Re1 Kc7 37. d5 g5 38. hxg5 hxg5 39. d6+ Kd7 40. Rh1
Rf4+ 41. Ke3 Ke6 42. Rh8 Rf7 43. Re8+ Kd7 44. Rb8 Ke6 45. Rb7 1-0

[Event "BPB Limburg open"]
[Site "Maastricht"]
[Date "2015.05.24"]
[Round "5"]
[White "Meijer, Dolf"]
[Black "Liedmann, Dennis"]
[Result "1-0"]
[WhiteElo "2223"]
[BlackElo "2157"]
[PlyCount "79"]
[EventDate "2015.05.22"]
[EventType "swiss"]
[EventRounds "7"]
[EventCountry "NED"]
[Source "P.Boonen"]
[SourceDate "2015.10.01"]

1. e4 d5 2. exd5 Nf6 3. d4 Bg4 4. Bb5+ Nbd7 5. f3 Bf5 6. c4 a6 7. Bxd7+ Qxd7 8.
Ne2 b5 9. b3 e6 10. dxe6 Qxe6 11. O-O bxc4 12. Ng3 O-O-O 13. Re1 Rxd4 14. Nd2
Bc5 15. Kh1 Qd7 16. Nxf5 Qxf5 17. Bb2 Rh4 18. Re5 Qf4 19. Nf1 Rd8 20. Qc2 Bd6
21. Qf5+ Qxf5 22. Rxf5 cxb3 23. axb3 Kb7 24. Rxf6 gxf6 25. Bxf6 Rh6 26. Bxd8 f6
27. Re1 Kc6 28. Be7 f5 29. Bg5 Rg6 30. h4 f4 31. Re4 Kc5 32. Rc4+ Kd5 33. Nd2
Re6 34. Ne4 h6 35. Nc3+ Ke5 36. Bxf4+ Kf5 37. g4+ Kg6 38. h5+ Kf7 39. Bxd6 cxd6
40. Re4 1-0

[Event "BPB Limburg open"]
[Site "Maastricht"]
[Date "2015.05.24"]
[Round "5"]
[White "Mueller, Martin2"]
[Black "Vuilleumier, Alexandre"]
[Result "0-1"]
[WhiteElo "2079"]
[BlackElo "2356"]
[PlyCount "84"]
[EventDate "2015.05.22"]
[EventType "swiss"]
[EventRounds "7"]
[EventCountry "NED"]
[Source "P.Boonen"]
[SourceDate "2015.10.01"]

1. d4 g6 2. e3 Bg7 3. c3 b6 4. f4 Nf6 5. Nf3 O-O 6. b3 d5 7. Nbd2 c5 8. Bd3
cxd4 9. cxd4 Ba6 10. Qe2 Bxd3 11. Qxd3 Qd6 12. a4 Nc6 13. Ba3 Nb4 14. Bxb4 Qxb4
15. O-O Rfc8 16. Rfc1 e6 17. Qa6 Rc3 18. Qb7 Rf8 19. Qxa7 Rxe3 20. a5 Ne4 21.
Ra4 Qd6 22. axb6 Rc3 23. Rxc3 Nxc3 24. Ne5 g5 25. Ra1 Ne2+ 26. Kh1 Nxd4 27. b7
gxf4 28. Nxf7 Qc7 29. Ng5 Nc6 30. Nxe6 Nxa7 31. Nxc7 Bxa1 32. Na6 Nc6 33. b4
Nb8 34. b5 Bc3 35. Nb3 d4 36. Nbc5 Rd8 37. Nd3 Kf7 38. h3 Ke6 39. Nxf4+ Kd6 40.
Nd3 Nxa6 41. bxa6 Kc7 42. Nc5 Kb8 0-1

[Event "BPB Limburg open"]
[Site "Maastricht"]
[Date "2015.05.24"]
[Round "5"]
[White "Nachbar, Benjamin"]
[Black "Heltzel, Joost"]
[Result "1-0"]
[WhiteElo "2173"]
[BlackElo "2224"]
[PlyCount "93"]
[EventDate "2015.05.22"]
[EventType "swiss"]
[EventRounds "7"]
[EventCountry "NED"]
[Source "P.Boonen"]
[SourceDate "2015.10.01"]

1. c4 Nf6 2. Nf3 g6 3. Nc3 Bg7 4. e4 d6 5. d4 O-O 6. Be2 e5 7. d5 a5 8. h4 Na6
9. Nd2 h5 10. Nf3 Bg4 11. Ng5 Bxe2 12. Qxe2 Qd7 13. f3 a4 14. Be3 Nc5 15. Nh3
b6 16. Nf2 Nh7 17. g4 f5 18. g5 Rf7 19. Rb1 Bf8 20. b4 axb3 21. axb3 fxe4 22.
fxe4 Ra3 23. Qc2 Rf3 24. Ke2 Rg3 25. Nb5 Ra8 26. Rbg1 Rxg1 27. Rxg1 Be7 28. b4
Nb7 29. Nc3 Nd8 30. Qb2 Nf7 31. Ra1 Qc8 32. Rxa8 Qxa8 33. Qa2 Qxa2+ 34. Nxa2
Kf8 35. Nc3 Ke8 36. Nd3 Kd7 37. Na4 Bd8 38. c5 bxc5 39. bxc5 Be7 40. c6+ Kd8
41. Nc3 Nfxg5 42. hxg5 Nxg5 43. Bxg5 Bxg5 44. Nb5 Kc8 45. Nb4 Bf6 46. Na6 Bd8
47. Na7# 1-0

[Event "BPB Limburg open"]
[Site "Maastricht"]
[Date "2015.05.24"]
[Round "5"]
[White "Nauts, Patrick"]
[Black "Merx, Bob"]
[Result "0-1"]
[WhiteElo "2022"]
[BlackElo "2099"]
[PlyCount "86"]
[EventDate "2015.05.22"]
[EventType "swiss"]
[EventRounds "7"]
[EventCountry "NED"]
[Source "P.Boonen"]
[SourceDate "2015.10.01"]

1. e4 e5 2. Nf3 Nc6 3. Bb5 a6 4. Ba4 Nf6 5. O-O Be7 6. Re1 b5 7. Bb3 O-O 8. h3
Bb7 9. d3 d6 10. c3 Na5 11. Bc2 c5 12. Nbd2 Re8 13. Nf1 Nd7 14. Ng3 Nb6 15. Nf5
Bf6 16. Nh2 g6 17. Nh6+ Kg7 18. Qf3 Rf8 19. N6g4 Bg5 20. Bxg5 Qxg5 21. Qe2 f5
22. Nf3 Qe7 23. Ngh2 f4 24. a4 bxa4 25. Bxa4 Nxa4 26. Rxa4 Nc6 27. d4 g5 28.
dxc5 dxc5 29. Raa1 Nd8 30. Rad1 Nf7 31. Rd2 Rfd8 32. Red1 Rxd2 33. Nxd2 Rd8 34.
Re1 h5 35. Nb3 Rh8 36. Qc4 g4 37. Nxc5 Bc8 38. h4 Qxh4 39. b4 Rd8 40. Qe2 Ng5
41. Ra1 f3 42. Qf1 Rd2 43. Rd1 fxg2 0-1